Ruský jazyk : odborné texty pre stredné odborné učilištia a stredné odborné školy - drevárske odbory /
Uložené v:
| Hlavní autori: | , |
|---|---|
| Médium: | Kniha |
| Jazyk: | Slovak |
| Vydané: |
Bratislava :
Slovenské pedagogické nakladateľstvo,
1988
|
| Vydanie: | 2. vyd. |
| ISBN: |
(brož.) |
| Fyzický popis: |
52 s. |
| Tagy: |
Pridať tag
Žiadne tagy, Buďte prvý kto otaguje tento záznam!
|
Titul je dostupný aj v ... 

MARC
| LEADER | 00000nam a2200000 a 4500 | ||
|---|---|---|---|
| 001 | 000287321 | ||
| 005 | 20061202133553.0 | ||
| 008 | 061202s1988 xo e 000 0 sloo | ||
| 020 | |a (brož.) | ||
| 040 | |a SVKKK |b slo |c SVKKK |e AACR2 | ||
| 041 | 0 | |a slo | |
| 044 | |a xo |c SK | ||
| 100 | 1 | |a Šepetková, Miriam |4 aut | |
| 245 | 1 | 0 | |a Ruský jazyk : |b odborné texty pre stredné odborné učilištia a stredné odborné školy - drevárske odbory / |c Miriam Šepetková, Rudolf Blaszek |
| 250 | |a 2. vyd. | ||
| 260 | |a Bratislava : |b Slovenské pedagogické nakladateľstvo, |c 1988 | ||
| 300 | |a 52 s. | ||
| 700 | 1 | |a Blaszek, Rudolf |4 aut | |
| 998 | |a BK | ||
| 090 | |g SCKHL |k Sklad Pribinova 2. posch. |a II.324959 |j 770311 |i B89562 |s Absenčne | ||